[Event "EU-ch (Women) 9th"]
[Site "Plovdiv"]
[Date "2008.04.22"]
[Round "2"]
[White "Hoang, Thanh Trang"]
[Black "Schuurman, Petra"]
[Result "1/2-1/2"]
[WhiteElo "2477"]
[BlackElo "2295"]
[PlyCount "113"]
[EventDate "2008.04.21"]
[EventType "swiss"]
[EventRounds "11"]
[EventCountry "BUL"]
[SourceTitle "CBM 123 Extra"]
[Source "ChessBase"]
[SourceDate "2008.05.06"]
[SourceVersion "1"]
[SourceVersionDate "2008.05.06"]
[SourceQuality "1"]

1. d4 Nf6 2. Bg5 e6 3. e4 h6 4. Bxf6 Qxf6 5. c3 d6 6. Bd3 g6 7. Ne2 e5 8. 0-0 Bg7 9. f4 exd4 10. Nxd4 0-0 11. Nd2 Nc6 12. Nc2 Bd7 13. Ne3 Rae8 14. e5 Qd8 15. Ne4 Ne7 16. exd6 Nf5 17. dxc7 Qxc7 18. Nd5 Qc6 19. Bc2 Kh8 20. Kh1 Be6 21. Nb4 Qb6 22. Qc1 a5 23. Nd3 Bd5 24. Ne5 Ne3 25. Re1 Nxc2 26. Qxc2 Bxe5 27. fxe5 Rxe5 28. Ng3 Qe6 29. Qd2 Kh7 30. Rxe5 Qxe5 31. Re1 Qg5 32. Qxg5 hxg5 33. a3 Kg7 34. Kg1 Bc6 35. Ne2 Re8 36. Kf2 Re5 37. Rg1 Rf5+ 38. Kg3 Rb5 39. Rb1 Be4 40. Nd4 Rb6 41. Re1 f5 42. b3 Rd6 43. Kf2 g4 44. b4 axb4 45. axb4 Kf6 46. Ra1 Rd8 47. Ra2 Rh8 48. Kg1 Rc8 49. Ra3 Ke5 50. Ra5+ Kf6 51. Ne2 Rd8 52. Ra2 Rd1+ 53. Kf2 Ke5 54. Ra5+ Kf6 55. Ra2 Ke5 56. Ra5+ Kf6 57. Ra2 1/2-1/2

[Event "EU-ch (Women) 9th"]
[Site "Plovdiv"]
[Date "2008.04.21"]
[Round "1"]
[White "Schuurman, Petra"]
[Black "Socko, Monika"]
[Result "1/2-1/2"]
[WhiteElo "2295"]
[BlackElo "2505"]
[PlyCount "132"]
[EventDate "2008.04.21"]
[EventType "swiss"]
[EventRounds "11"]
[EventCountry "BUL"]
[SourceTitle "CBM 123 Extra"]
[Source "ChessBase"]
[SourceDate "2008.05.06"]
[SourceVersion "1"]
[SourceVersionDate "2008.05.06"]
[SourceQuality "1"]

1. d4 Nf6 2. c4 e6 3. Nf3 Bb4+ 4. Nbd2 b6 5. a3 Bxd2+ 6. Bxd2 Bb7 7. g3 Bxf3 8. exf3 0-0 9. Bg2 d5 10. f4 Nc6 11. Be3 Na5 12. b3 Rb8 13. cxd5 exd5 14. 0-0 Qd7 15. Qd3 Nb7 16. f5 Rfe8 17. Rac1 Rbc8 18. Rfd1 c5 19. dxc5 Nxc5 20. Qb1 Nce4 21. Bd4 Rxc1 22. Qxc1 Qxf5 23. Qc7 Ng5 24. Qf4 Qxf4 25. gxf4 Nge4 26. Bxf6 Nxf6 27. Bxd5 g6 28. Bf3 Kg7 29. Kg2 Rc8 30. Rd3 Rc7 31. b4 h6 32. h3 Ng8 33. Rd6 Ne7 34. Be4 Rc4 35. f3 Rc7 36. Kf2 f5 37. Bd3 Ng8 38. a4 Nf6 39. a5 bxa5 40. bxa5 Kf7 41. Rd4 Ke7 42. Be2 Rc5 43. a6 Nd5 44. h4 Ra5 45. Kg3 Kd6 46. h5 gxh5 47. Bc4 Kc6 48. Bxd5+ Rxd5 49. Rb4 Rb5 50. Rd4 Rb3 51. Kh4 Rxf3 52. Rb4 Ra3 53. Rb7 Rxa6 54. Rf7 Kd5 55. Rxf5+ Ke4 56. Rf7 Ra1 57. Kxh5 a5 58. Kxh6 a4 59. Kg5 Rg1+ 60. Kh6 a3 61. Ra7 Rg3 62. Ra4+ Kf5 63. Kh7 Ke6 64. Ra5 Ke7 65. Ra6 Kd7 66. Kh6 Ke7 1/2-1/2

[Event "NED-ch (Women)"]
[Site "Hilversum"]
[Date "2008.04.12"]
[Round "8"]
[White "Schuurman, Petra"]
[Black "Lanchava, Tea"]
[Result "1/2-1/2"]
[WhiteElo "2295"]
[BlackElo "2365"]
[PlyCount "97"]
[EventDate "2008.04.04"]
[EventType "tourn"]
[EventRounds "9"]
[EventCountry "NED"]
[SourceTitle "CBM 123 Extra"]
[Source "ChessBase"]
[SourceDate "2008.05.06"]
[SourceVersion "1"]
[SourceVersionDate "2008.05.06"]
[SourceQuality "1"]

1. d4 f5 2. Nc3 d5 3. Bf4 a6 4. Nf3 Nf6 5. e3 e6 6. Be2 c5 7. 0-0 b5 8. Ne5 Be7 9. Nb1 0-0 10. a4 b4 11. c3 Nfd7 12. h3 g5 13. Bh2 Nxe5 14. Bxe5 Nc6 15. Nd2 Nxe5 16. dxe5 bxc3 17. bxc3 c4 18. Nf3 Qc7 19. Qd2 Bd7 20. Rfb1 Rab8 21. Bd1 h5 22. Nd4 Qxe5 23. Bxh5 Bd6 24. g3 f4 25. exf4 gxf4 26. Rxb8 Bxb8 27. g4 Qg7 28. Nf3 Bc7 29. g5 Ba5 30. Rc1 Bc6 31. Bg4 e5 32. h4 d4 33. Qe2 d3 34. Qxe5 Bxf3 35. Qxg7+ Kxg7 36. Bxf3 d2 37. Rb1 Re8 38. Kg2 Re7 39. h5 Bxc3 40. Rb6 a5 41. Rc6 Re5 42. Rc7+ Kh8 43. Rc8+ Kg7 44. Rc7+ Kh8 45. g6 Rg5+ 46. Kf1 Bf6 47. Rxc4 Rd5 48. Bd1 Kg7 49. Rc7+ 1/2-1/2

[Event "NED-ch (Women)"]
[Site "Hilversum"]
[Date "2008.04.11"]
[Round "7"]
[White "Muhren, Bianca"]
[Black "Schuurman, Petra"]
[Result "0-1"]
[WhiteElo "2297"]
[BlackElo "2295"]
[PlyCount "114"]
[EventDate "2008.04.04"]
[EventType "tourn"]
[EventRounds "9"]
[EventCountry "NED"]
[SourceTitle "CBM 123 Extra"]
[Source "ChessBase"]
[SourceDate "2008.05.06"]
[SourceVersion "1"]
[SourceVersionDate "2008.05.06"]
[SourceQuality "1"]

1. e4 c6 2. d4 d5 3. f3 e6 4. Nc3 Bb4 5. Bf4 Ne7 6. Qd3 b6 7. Nge2 Ba6 8. Qe3 0-0 9. 0-0-0 c5 10. a3 Bxc3 11. Nxc3 Bxf1 12. Rhxf1 c4 13. g4 Nbc6 14. Bg3 a6 15. f4 dxe4 16. f5 Nd5 17. Qxe4 Nxc3 18. bxc3 Qd5 19. Rde1 Rfe8 20. fxe6 fxe6 21. Be5 Qxe4 22. Rxe4 Ne7 23. Ref4 Rf8 24. Rxf8+ Rxf8 25. Rxf8+ Kxf8 26. Bd6 Kf7 27. Bxe7 Kxe7 28. Kd2 g5 29. Ke3 Kd6 30. Ke4 b5 31. h3 a5 32. Kf3 Kd5 33. Ke3 e5 34. dxe5 Kxe5 35. Kf3 Kd5 36. Ke3 Ke5 37. Kf3 Kd5 38. Ke3 Kc5 39. Ke4 b4 40. axb4+ axb4 41. cxb4+ Kxb4 42. Kf5 Kc3 43. Kxg5 Kxc2 44. Kh6 Kd3 45. Kxh7 c3 46. g5 c2 47. g6 c1Q 48. g7 Qc7 49. h4 Qf7 50. Kh6 Qg8 51. h5 Ke4 52. Kg6 Kf4 53. Kh6 Kg4 54. Kg6 Qe8+ 55. Kh7 Qxh5+ 56. Kg8 Kg5 57. Kf8 Qh6 0-1

[Event "NED-ch (Women)"]
[Site "Hilversum"]
[Date "2008.04.05"]
[Round "2"]
[White "Schuurman, Petra"]
[Black "Peng, Zhaoqin"]
[Result "0-1"]
[WhiteElo "2295"]
[BlackElo "2465"]
[PlyCount "84"]
[EventDate "2008.04.04"]
[EventType "tourn"]
[EventRounds "9"]
[EventCountry "NED"]
[SourceTitle "CBM 123 Extra"]
[Source "ChessBase"]
[SourceDate "2008.05.06"]
[SourceVersion "1"]
[SourceVersionDate "2008.05.06"]
[SourceQuality "1"]

1. d4 d6 2. Nf3 Bg4 3. g3 Nd7 4. Bg2 e5 5. c4 Ngf6 6. Nc3 c6 7. 0-0 Be7 8. a3 0-0 9. b4 Re8 10. Bb2 e4 11. Nd2 d5 12. f3 exf3 13. Bxf3 Bxf3 14. Rxf3 a5 15. b5 dxc4 16. bxc6 bxc6 17. Nxc4 c5 18. d5 Nb6 19. Nxb6 Qxb6 20. Na4 Qd6 21. Rc1 Ne4 22. Rc4 Bg5 23. Bc1 Bxc1 24. Rxc1 Rad8 25. Nc3 c4 26. Qd4 Qxa3 27. Rcf1 Ng5 28. Rf5 f6 29. d6 Qxd6 30. Qxc4+ Kh8 31. Rd5 Qb4 32. Rxd8 Rxd8 33. Qxb4 axb4 34. Na2 b3 35. Nc3 Rc8 36. Na4 Ne4 37. Rb1 Nd2 38. Rb2 Rc2 39. Kf2 h5 40. h3 Ne4+ 41. Kf3 Nc3 42. Nxc3 Rxb2 0-1

[Event "Cappelle op 24th"]
[Site "Cappelle la Grande"]
[Date "2008.02.19"]
[Round "5"]
[White "Zinchenko, Yaroslav"]
[Black "Schuurman, Petra"]
[Result "1-0"]
[WhiteElo "2516"]
[BlackElo "2271"]
[PlyCount "65"]
[EventDate "2008.02.16"]
[EventType "swiss"]
[EventRounds "9"]
[EventCountry "FRA"]
[SourceTitle "CBM 122 Extra"]
[Source "ChessBase"]
[SourceDate "2008.03.04"]
[SourceVersion "1"]
[SourceVersionDate "2008.03.04"]
[SourceQuality "1"]

1. e4 c6 2. d4 d5 3. e5 Bf5 4. Nf3 e6 5. Be2 Nd7 6. 0-0 Bg6 7. Nbd2 Nh6 8. c3 Nf5 9. Ne1 c5 10. Ndf3 Be7 11. Nd3 cxd4 12. cxd4 Qb6 13. Nf4 0-0 14. g3 Rac8 15. h4 Nh6 16. Nxg6 fxg6 17. a4 a5 18. Kg2 Nb8 19. h5 Nc6 20. hxg6 hxg6 21. Bxh6 gxh6 22. Qd2 Kg7 23. Rh1 Rh8 24. Bb5 Rcf8 25. Rad1 Qd8 26. Ng1 Bb4 27. Qe2 Ne7 28. Nh3 Nf5 29. Nf4 Qe7 30. Qg4 Qf7 31. Bd7 h5 32. Rxh5 Rxh5 33. Nxh5+ 1-0

[Event "Cappelle op 24th"]
[Site "Cappelle la Grande"]
[Date "2008.02.18"]
[Round "3"]
[White "Kanep, Meelis"]
[Black "Schuurman, Petra"]
[Result "1-0"]
[WhiteElo "2523"]
[BlackElo "2271"]
[PlyCount "81"]
[EventDate "2008.02.16"]
[EventType "swiss"]
[EventRounds "9"]
[EventCountry "FRA"]
[SourceTitle "CBM 122 Extra"]
[Source "ChessBase"]
[SourceDate "2008.03.04"]
[SourceVersion "1"]
[SourceVersionDate "2008.03.04"]
[SourceQuality "1"]

1. Nf3 Nf6 2. c4 b6 3. Nc3 Bb7 4. d4 d5 5. g3 dxc4 6. Qa4+ Nbd7 7. Bg2 e6 8. Bg5 Be7 9. 0-0 0-0 10. Qxc4 c5 11. Rad1 Qc8 12. dxc5 Nxc5 13. Rc1 h6 14. Bxf6 Bxf6 15. b4 Nd7 16. Qb3 Qd8 17. Rfd1 Qe7 18. Nb5 Bd5 19. Qa4 Ne5 20. Nxe5 Bxe5 21. Bxd5 exd5 22. e3 a5 23. bxa5 Rxa5 24. Qb3 Rfa8 25. Rc2 Rd8 26. Rcd2 Qe8 27. Rxd5 Rxd5 28. Rxd5 Bf6 29. Nd6 Qe6 30. Rxa5 bxa5 31. Qxe6 fxe6 32. Kf1 Be7 33. Nc4 a4 34. Ke2 h5 35. Kd3 Kf7 36. Nb6 a3 37. Nc4 Kf6 38. Ke4 g5 39. h3 Bb4 40. g4 hxg4 41. hxg4 1-0

[Event "Rijeka op"]
[Site "Rijeka"]
[Date "2007.12.02"]
[Round "9"]
[White "Schuurman, Petra"]
[Black "Steinhart, Christoph"]
[Result "1-0"]
[WhiteElo "2281"]
[BlackElo "2016"]
[PlyCount "85"]
[EventDate "2007.11.25"]
[EventType "swiss"]
[EventRounds "9"]
[EventCountry "CRO"]
[SourceTitle "CBM 121 Extra"]
[Source "ChessBase"]
[SourceDate "2008.01.10"]
[SourceVersion "1"]
[SourceVersionDate "2008.01.10"]
[SourceQuality "1"]

1. d4 Nf6 2. c4 e6 3. Nf3 b6 4. g3 Bb7 5. Bg2 d5 6. cxd5 exd5 7. 0-0 Be7 8. Qa4+ Nbd7 9. Ne5 0-0 10. Nc6 Qe8 11. Nxe7+ Qxe7 12. Nc3 Ne4 13. Nxe4 dxe4 14. Bd2 a5 15. Rac1 Nf6 16. Bg5 Rac8 17. Rfd1 h6 18. Bxf6 Qxf6 19. Bh3 e3 20. f3 Rcd8 21. Rxc7 Ba6 22. Rc6 Rd6 23. Rxd6 Qxd6 24. Qc2 g6 25. d5 Rd8 26. f4 Qb4 27. Bg4 g5 28. a3 Qc4 29. Qxc4 Bxc4 30. fxg5 hxg5 31. d6 f5 32. Bxf5 Bxe2 33. Rd4 Kf7 34. d7 Kf6 35. Bd3 Ke5 36. Re4+ Kd5 37. Rxe3 Bg4 38. Bb5 Bxd7 39. Bxd7 Rxd7 40. Rd3+ Kc6 41. Rxd7 Kxd7 42. Kf2 b5 43. h4 1-0

[Event "Rijeka op"]
[Site "Rijeka"]
[Date "2007.11.29"]
[Round "6"]
[White "Ljubicic, Filip"]
[Black "Schuurman, Petra"]
[Result "1-0"]
[WhiteElo "2480"]
[BlackElo "2281"]
[PlyCount "154"]
[EventDate "2007.11.25"]
[EventType "swiss"]
[EventRounds "9"]
[EventCountry "CRO"]
[SourceTitle "CBM 121 Extra"]
[Source "ChessBase"]
[SourceDate "2008.01.10"]
[SourceVersion "1"]
[SourceVersionDate "2008.01.10"]
[SourceQuality "1"]

1. e4 c6 2. Nc3 d5 3. Nf3 Bg4 4. h3 Bxf3 5. Qxf3 e6 6. d3 Nd7 7. exd5 cxd5 8. d4 Bb4 9. a3 Ba5 10. Bd3 Qf6 11. Qe3 Ne7 12. 0-0 0-0 13. Ne2 Bb6 14. c3 e5 15. Bb5 exd4 16. cxd4 Nc6 17. Qd3 Rfe8 18. Be3 Nf8 19. Rac1 Rac8 20. Rc2 Ng6 21. Rfc1 Re6 22. Qd2 h6 23. b4 Rce8 24. a4 Nh4 25. Bxc6 bxc6 26. a5 Rxe3 27. fxe3 Qg5 28. Ng3 Qxg3 29. Qf2 Qxf2+ 30. Kxf2 Bd8 31. Rxc6 Nf5 32. R1c3 Bg5 33. Rc8 Bxe3+ 34. Ke2 Rxc8 35. Rxc8+ Kh7 36. g4 Nd6 37. Rc5 Bf4 38. Rxd5 a6 39. Rc5 Nb5 40. Kd3 Bd6 41. Rc6 Bxb4 42. Rxa6 Be1 43. Rb6 Nxd4 44. a6 Bf2 45. Rxh6+ gxh6 46. a7 Ne6 47. a8Q Bh4 48. Qe4+ Kg7 49. Kc4 Bf6 50. Kb5 Bg5 51. Kc6 Bf6 52. Qe1 Kf8 53. Kd7 Kg7 54. Qg3 Kg8 55. Qf2 Kg7 56. Qa7 Bd4 57. Qa2 Bf6 58. Qc2 Kg8 59. Qc8+ Nf8+ 60. Ke8 Ne6 61. Qb7 Ng7+ 62. Kd7 Ne6 63. Qf3 Kg7 64. Qf2 Bd4 65. Qe1 Bf6 66. h4 Kg8 67. Qg3 Kg7 68. Ke8 Kg8 69. Qf2 Kg7 70. Qa7 Nd8 71. Qf2 Ne6 72. g5 hxg5 73. h5 Nc7+ 74. Kd7 Ne6 75. Ke8 Nf4 76. Qc2 Kh6 77. Kxf7 Bd4 1-0

[Event "EU-chT (Women) 16th"]
[Site "Heraklion"]
[Date "2007.11.06"]
[Round "9"]
[White "Schuurman, Petra"]
[Black "Gara, Anita"]
[Result "0-1"]
[WhiteElo "2281"]
[BlackElo "2315"]
[PlyCount "110"]
[EventDate "2007.10.28"]
[EventType "team-tourn"]
[EventRounds "9"]
[EventCountry "GRE"]
[SourceTitle "EXT 2008"]
[Source "ChessBase"]
[SourceDate "2007.11.25"]
[SourceVersion "1"]
[SourceVersionDate "2007.11.25"]
[SourceQuality "1"]
[WhiteTeam "Netherlands (W)"]
[BlackTeam "Hungary (W)"]
[WhiteTeamCountry "NED"]
[BlackTeamCountry "HUN"]

1. d4 Nf6 2. c4 g6 3. Nc3 d5 4. cxd5 Nxd5 5. e4 Nxc3 6. bxc3 Bg7 7. Ba3 0-0 8. Nf3 b6 9. Bc4 Bb7 10. Qe2 c5 11. 0-0 Nc6 12. Rad1 Qc7 13. e5 e6 14. Ng5 Na5 15. Bd3 Rfd8 16. Qg4 Rd7 17. Rfe1 Qc6 18. Qh3 h6 19. Ne4 cxd4 20. cxd4 Rxd4 21. Bb2 Rd5 22. Rc1 Qd7 23. Nf6+ Bxf6 24. exf6 Rh5 25. Qe3 Rd8 26. Bf1 Kh7 27. Qa3 Nc6 28. Rc4 Qd5 29. Rce4 Qd6 30. Qxd6 Rxd6 31. Be2 Rhd5 32. Ba3 Rd8 33. Bc4 Rd1 34. Be7 Nxe7 35. fxe7 Rxe1+ 36. Rxe1 Re8 37. Bb5 Rxe7 38. Rc1 Kg7 39. h4 Kf6 40. Rc3 a6 41. Ba4 b5 42. Bb3 Rd7 43. Kh2 Rd2 44. Kg3 a5 45. Rc7 Be4 46. f3 Bb1 47. a4 Rd3 48. Bc2 Bxc2 49. Rxc2 b4 50. Rc5 Rd5 51. Rc7 Rd4 52. Rb7 Ke5 53. f4+ Ke4 54. Rxf7 b3 55. Re7 b2 0-1

[Event "EU-chT (Women) 16th"]
[Site "Heraklion"]
[Date "2007.11.03"]
[Round "6"]
[White "Schuurman, Petra"]
[Black "Benderac, Ana"]
[Result "1-0"]
[WhiteElo "2281"]
[BlackElo "2328"]
[PlyCount "93"]
[EventDate "2007.10.28"]
[EventType "team-tourn"]
[EventRounds "9"]
[EventCountry "GRE"]
[SourceTitle "EXT 2008"]
[Source "ChessBase"]
[SourceDate "2007.11.25"]
[SourceVersion "1"]
[SourceVersionDate "2007.11.25"]
[SourceQuality "1"]
[WhiteTeam "Netherlands (W)"]
[BlackTeam "Yugoslavia (W)"]
[WhiteTeamCountry "NED"]
[BlackTeamCountry "YUG"]

1. d4 Nf6 2. c4 e6 3. Nf3 Bb4+ 4. Bd2 Bxd2+ 5. Qxd2 b6 6. Nc3 Bb7 7. g3 d6 8. Bg2 0-0 9. 0-0 Ne4 10. Qc2 Nxc3 11. Qxc3 Nd7 12. b4 c5 13. dxc5 dxc5 14. b5 Qc7 15. a4 Rad8 16. a5 Bxf3 17. Bxf3 Ne5 18. axb6 axb6 19. Bg2 Rd4 20. f4 Ng4 21. e3 Rd6 22. Bf3 Nh6 23. Ra3 Qe7 24. Rfa1 Nf5 25. Kf2 f6 26. g4 Nh6 27. Ra7 Qe8 28. g5 Nf5 29. gxf6 gxf6 30. Bc6 Rxc6 31. bxc6 Qxc6 32. Rg1+ Kh8 33. Qd3 Qe8 34. e4 Qb8 35. exf5 Qxa7 36. fxe6 Qc7 37. Qe3 Rd8 38. e7 Re8 39. Re1 Qd6 40. Kf3 Qc6+ 41. Qe4 Qd7 42. Qe6 Qd3+ 43. Re3 Qf1+ 44. Kg4 Qd1+ 45. Kf5 Qh5+ 46. Kxf6 Qxh2 47. Qe5 1-0

[Event "EU-chT (Women) 16th"]
[Site "Heraklion"]
[Date "2007.10.29"]
[Round "2"]
[White "Papadopoulou, Vera"]
[Black "Schuurman, Petra"]
[Result "0-1"]
[WhiteElo "2218"]
[BlackElo "2281"]
[PlyCount "78"]
[EventDate "2007.10.28"]
[EventType "team-tourn"]
[EventRounds "9"]
[EventCountry "GRE"]
[SourceTitle "EXT 2008"]
[Source "ChessBase"]
[SourceDate "2007.11.25"]
[SourceVersion "1"]
[SourceVersionDate "2007.11.25"]
[SourceQuality "1"]
[WhiteTeam "Greece (W)"]
[BlackTeam "Netherlands (W)"]
[WhiteTeamCountry "GRE"]
[BlackTeamCountry "NED"]

1. Nf3 Nf6 2. c4 b6 3. g3 Bb7 4. Bg2 c5 5. 0-0 g6 6. b3 Bg7 7. Bb2 0-0 8. Na3 d6 9. d3 a6 10. e4 e5 11. Ne1 Nc6 12. f4 Nd4 13. Nac2 Ra7 14. Nxd4 cxd4 15. Ba3 Re8 16. Bh3 a5 17. Qf3 a4 18. b4 b5 19. fxe5 dxe5 20. c5 Bc8 21. Bxc8 Qxc8 22. Bc1 Rf8 23. Bg5 Ne8 24. Nc2 f6 25. Bd2 Raf7 26. Na3 Nc7 27. Rac1 Qe6 28. Rc2 f5 29. Re1 fxe4 30. Qxe4 Rf2 31. Re2 Qf7 32. Bc1 Rf1+ 33. Kg2 Rg1+ 34. Kh3 Qe6+ 35. Qg4 Rf5 36. Bg5 Rxg5 37. Qxe6+ Nxe6 38. Nxb5 Nf4+ 39. Kh4 Bf6 0-1